Le Piu' Belle Storie Di Gangsters

Gardado en:
Detalles Bibliográficos
Autor Principal: Domenico Tarizzo
Formato: Libro
Idioma:lingua descoñecida ou non válida
Publicado: Rizzoli
Tags: Engadir etiqueta
Sen Etiquetas, Sexa o primeiro en etiquetar este rexistro!

MARC

LEADER 00000nam a2200000Ia 4500
001 R-1080
003 CODICE-MESSINA
005 20260212102501.0
008 260211s9999 xx 000 0 und d
040 |c importazione_messina 
100 |a Domenico Tarizzo 
245 0 |a Le Piu' Belle Storie Di Gangsters  
260 |b Rizzoli 
942 |2 ddc  |c BK 
952 |0 0  |1 0  |2 ddc  |4 0  |6 SCAFFALE_10_000000000000000__ROMANZI  |7 0  |9 31910  |a ME  |b ME  |d 2026-02-11  |l 0  |o SCAFFALE 10 - ROMANZI  |p R-1080  |r 2026-02-11 23:52:51  |w 2026-02-11  |x [REVISIONARE]  |y BK 
999 |c 27575  |d 27575